| 000 | 00408nam a2200157Ia 4500 | ||
|---|---|---|---|
| 008 | 230917s9999||||xx |||||||||||||| ||und|| | ||
| 020 | _cRs. 325.00 | ||
| 040 |
_e5010101 _aMAIN |
||
| 041 | _aEnglish | ||
| 082 | _a297.30954 G165M | ||
| 100 | _aTassy, Garcin de | ||
| 245 | 0 | _aMuslim festivals in India and other essays | |
| 260 |
_aDelhi _bOxford University Press _c1995 |
||
| 300 | _a197 p. | ||
| 942 | _cBK | ||
| 999 |
_c10105 _d10105 |
||